Химическая защита от ионизирующей радиации: пер. с англ.

Detalles Bibliográficos
Autor Principal: Бак З.
Outros autores: Кузин А. М. (редактор)
Idioma:ruso
Publicado: Москва, Атомиздат, 1968
Subjects:
Formato: MixedMaterials Libro
KOHA link:https://koha.lib.tpu.ru/cgi-bin/koha/opac-detail.pl?biblionumber=50394

MARC

LEADER 00000nam0a2200000 4500
001 50394
005 20231031033005.0
035 |a (RuTPU)RU\TPU\book\52774 
090 |a 50394 
100 |a 20030415d1968 k y0rusy50 ca 
101 1 |a rus  |c eng 
102 |a RU 
105 |a a z 001zy 
200 1 |a Химическая защита от ионизирующей радиации  |e пер. с англ.  |f З. Бак  |g Под ред. А. М. Кузина 
210 |a Москва  |c Атомиздат  |d 1968 
215 |a 263 с.  |c ил. 
320 |a Библиогр.: с. 212-260 
510 1 |a Chemical protection against radiation  |z eng 
610 1 |a ионизирующие излучения 
610 1 |a химическая защита 
610 1 |a фармакология 
610 1 |a метаболизм 
610 1 |a протекторы 
610 1 |a радиопротекторы 
610 1 |a опухоли 
610 1 |a радиозащитные вещества 
610 1 |a радиация 
675 |a 621.039.58  |v 3 
675 |a 614.878  |v 3 
700 1 |a Бак  |b З. 
702 1 |a Кузин  |b А. М.  |4 340 
801 1 |a RU  |b 63413507  |c 20030415  |g PSBO 
801 2 |a RU  |b 63413507  |c 20140714  |g PSBO 
942 |c BK